000 00622nam a2200253 a 4500
003 AR-BaBNM
005 20251128205211.0
008 082120s2002 ||||||||||||||000 | spa||
020 _a950-21-0543-5
040 _cAR-BaBNM
100 1 _aBornemann, Elsa
245 0 0 _aTinke-Tinke
_bversicuentos
250 _a6ª ed.
260 _aBuenos Aires
_bPlus Ultra
_c1995
300 _a136 p.
490 0 _aLiteratura juvenil
_vv. 2
650 4 _aLITERATURA ARGENTINA
650 4 _aLITERATURA INFANTIL
650 4 _aLIBROS PARA NIÑOS
650 4 _aPOESIA
655 _aLITERATURA
942 _cBK
998 _cMARTIN
999 _c10424
_d10424